Ľudia nechápu, čo je to outlet

Rozhovor s partnerom One Fashion Outlet vo Voderadoch o tom, ako sa darí nájomcom, o outletovom biznise, o cenách a zľavách, o značkách, o konkurencii v Parndorfe.

Gespeichert in:
Bibliographische Detailangaben
1. Verfasser: Mistrík, Ľuboš
Weitere Verfasser: Kozár, Vladimír
Format: Buchkapitel
Sprache:Slowakisch
Schlagworte:
Tags: Tag hinzufügen
Keine Tags, Fügen Sie das erste Tag hinzu!

MARC

LEADER 00000naa a2200000 4500
001 0185043
005 20231113101148.5
041 0 |a slo 
044 |a SK 
245 1 0 |a Ľudia nechápu, čo je to outlet  |c Ľuboš Mistrík, Vladimír Kozár 
520 |a Rozhovor s partnerom One Fashion Outlet vo Voderadoch o tom, ako sa darí nájomcom, o outletovom biznise, o cenách a zľavách, o značkách, o konkurencii v Parndorfe. 
610 2 0 |a obchod 
610 2 0 |a značky 
610 2 0 |a ceny 
610 2 0 |a zľavy obchodné 
610 2 0 |a konkurencia 
100 1 |a Mistrík, Ľuboš 
700 1 |a Kozár, Vladimír